000
00217 a2200097 4500
001
17575
100
_a
Cripin J W
245
_a
Methods of radar cross-section
260
_a
_b
Academic Press
_c
090
_c
12967
_d
12967
942
_a
NUST-CAE
_c
M
_c
3299
999
_c
252648
_d
252648